50 biggest French cities - 1 minute Sprint - Statistics

General Stats
  • This quiz has been taken 31 times
  • The average score is 16 of 50
Answer Stats
Population City % Correct
2,152,000 Paris
100%
422,000 Lyon
96%
808,000 Marseille
92%
366,000 Toulouse
84%
213,000 Bordeaux
80%
346,000 Nice
76%
178,000 Lille
68%
256,000 Strasbourg
68%
211,000 Montpellier
56%
252,000 Nantes
52%
153,000 Brest
48%
154,000 Grenoble
48%
204,000 Rennes
48%
185,000 Reims
44%
170,000 Toulon
44%
89,000 Avignon
40%
116,000 Caen
36%
202,000 Saint-Etienne
36%
133,000 Tours
36%
197,000 Le Havre
32%
102,000 Nancy
32%
105,000 Rouen
32%
136,000 Amiens
28%
152,000 Dijon
28%
124,000 Metz
28%
136,000 Limoges
24%
134,000 Nîmes
24%
146,000 Angers
20%
76,000 Calais
20%
140,000 Clermont-Ferrand
20%
51,000 Annecy
16%
148,000 Le Mans
16%
108,000 Orléans
16%
108,000 Perpignan
16%
119,000 Besançon
12%
71,000 Colmar
12%
110,000 Mulhouse
12%
84,000 Pau
12%
83,000 Poitiers
12%
61,000 Troyes
12%
56,000 Chambéry
8%
44,000 Douai
8%
71,000 Dunkerque
8%
98,000 Roubaix
8%
66,000 Saint-Nazaire
8%
65,000 Valence
8%
46,000 Angoulême
4%
74,000 La Rochelle
4%
63,000 Lorient
4%
42,000 Bayonne
0%
No matching quizzes found
Score Distribution
Percent of People with Each Score
Percentile by Number Answered
Your Score History
You have not taken this quiz